000 00333nam a22001577a 4500
003 SGT
020 _a978-93-81735-06-0
082 _a394
_bMAN
100 _aMANGAL, RAKESH
245 _aCULINARY TERMS (A TO Z)
250 _a1ST
260 _aINDIA
_bNAMAN PUB.
_c2011
300 _a335
650 _aCULINARY
942 _2ddc
_cBK
999 _c28606
_d28606